Hải âu Tiểu thuyết tình báo Xô-viết

Gorde:
Xehetasun bibliografikoak
Egile nagusia: Nicolai Biriukov
Formatua: Liburua
Hizkuntza:Undetermined
Argitaratua: Hà Nội Thanh Niên
Gaiak:
Etiketak: Etiketa erantsi
Etiketarik gabe, Izan zaitez lehena erregistro honi etiketa jartzen!
Thư viện lưu trữ: Trung tâm Học liệu Trường Đại học Cần Thơ
LEADER 00552nam a2200169Ia 4500
001 CTU_32564
008 210402s9999 xx 000 0 und d
082 |a 891.743 
082 |b B618 
100 |a Nicolai Biriukov 
245 0 |a Hải âu 
245 0 |b Tiểu thuyết tình báo Xô-viết 
245 0 |c Nicolai Biriukov, Hiền Trang, Nguyễn Nhất Thẩm 
260 |a Hà Nội 
260 |b Thanh Niên 
650 |a russian fiction - 20th centuery ( vietnamese ) 
980 |a Trung tâm Học liệu Trường Đại học Cần Thơ